<?xml version="1.0" encoding="UTF-8"?>
<record
    xmlns:xsi="http://www.w3.org/2001/XMLSchema-instance"
    xsi:schemaLocation="http://www.loc.gov/MARC21/slim http://www.loc.gov/standards/marcxml/schema/MARC21slim.xsd"
    xmlns="http://www.loc.gov/MARC21/slim">

  <leader>00874nam a2200253 a 4500</leader>
  <controlfield tag="001">000032902</controlfield>
  <controlfield tag="003">DO-SdBNP</controlfield>
  <controlfield tag="005">20170906091805.0</controlfield>
  <controlfield tag="007">000032902</controlfield>
  <controlfield tag="008">110801s2008    sp       d    000 0 spa d</controlfield>
  <datafield tag="020" ind1=" " ind2=" ">
    <subfield code="a">9684182155</subfield>
  </datafield>
  <datafield tag="040" ind1=" " ind2=" ">
    <subfield code="a">BPMSU</subfield>
    <subfield code="b">spa</subfield>
    <subfield code="c">BPMSU</subfield>
  </datafield>
  <datafield tag="082" ind1=" " ind2="4">
    <subfield code="a">R 036.1</subfield>
    <subfield code="b">G748d</subfield>
  </datafield>
  <datafield tag="245" ind1="0" ind2="0">
    <subfield code="a">Gran diccionario enciclop&#xE9;dico Time Life /</subfield>
    <subfield code="c">realizaci&#xF3;n Jorge Hern&#xE1;n L&#xF3;pez Cano...[y otros].</subfield>
  </datafield>
  <datafield tag="260" ind1=" " ind2=" ">
    <subfield code="a">M&#xE9;xico, D.F. :</subfield>
    <subfield code="b">Ediciones Culturales Internacionales,</subfield>
    <subfield code="c">2008</subfield>
  </datafield>
  <datafield tag="300" ind1=" " ind2=" ">
    <subfield code="a">1158 p. :</subfield>
    <subfield code="b">il. ;</subfield>
    <subfield code="c">28 cm.</subfield>
  </datafield>
  <datafield tag="500" ind1=" " ind2=" ">
    <subfield code="a">La biblioteca posee la 1a. reimpresi&#xF3;n de la 2a edici&#xF3;n de 2007</subfield>
  </datafield>
  <datafield tag="650" ind1=" " ind2="4">
    <subfield code="a">ENCICLOPEDIAS Y DICCIONARIOS ESPA&#xD1;OLES</subfield>
  </datafield>
  <datafield tag="700" ind1="1" ind2=" ">
    <subfield code="a">L&#xF3;pez Cano, Jorge Hern&#xE1;n</subfield>
    <subfield code="e">editor</subfield>
  </datafield>
  <datafield tag="910" ind1=" " ind2=" ">
    <subfield code="a">Validado. Control de calidad MFF</subfield>
  </datafield>
  <datafield tag="942" ind1=" " ind2=" ">
    <subfield code="2">ddc</subfield>
    <subfield code="c">BK</subfield>
  </datafield>
  <datafield tag="945" ind1=" " ind2=" ">
    <subfield code="a">Inventariados /2017 VM</subfield>
  </datafield>
  <datafield tag="952" ind1=" " ind2=" ">
    <subfield code="0">0</subfield>
    <subfield code="1">0</subfield>
    <subfield code="2">ddc</subfield>
    <subfield code="4">0</subfield>
    <subfield code="7">0</subfield>
    <subfield code="8">CR-G</subfield>
    <subfield code="a">BPMET</subfield>
    <subfield code="b">BPMET</subfield>
    <subfield code="d">2015-02-04</subfield>
    <subfield code="e">Compra</subfield>
    <subfield code="l">0</subfield>
    <subfield code="o">R 036 .1  G748d</subfield>
    <subfield code="p">BPMSU15041077</subfield>
    <subfield code="r">2015-02-04</subfield>
    <subfield code="w">2015-02-04</subfield>
    <subfield code="y">BK</subfield>
  </datafield>
  <datafield tag="952" ind1=" " ind2=" ">
    <subfield code="0">0</subfield>
    <subfield code="1">0</subfield>
    <subfield code="2">ddc</subfield>
    <subfield code="4">0</subfield>
    <subfield code="7">0</subfield>
    <subfield code="8">CR-G</subfield>
    <subfield code="a">BPMET</subfield>
    <subfield code="b">BPMET</subfield>
    <subfield code="d">2015-02-04</subfield>
    <subfield code="e">Compra</subfield>
    <subfield code="l">0</subfield>
    <subfield code="o">R 036.1  G748d</subfield>
    <subfield code="p">BPMSU15041078</subfield>
    <subfield code="r">2015-02-04</subfield>
    <subfield code="t">e. 2</subfield>
    <subfield code="w">2015-02-04</subfield>
    <subfield code="y">BK</subfield>
  </datafield>
  <datafield tag="952" ind1=" " ind2=" ">
    <subfield code="0">0</subfield>
    <subfield code="1">0</subfield>
    <subfield code="2">ddc</subfield>
    <subfield code="4">0</subfield>
    <subfield code="7">0</subfield>
    <subfield code="8">CR-G</subfield>
    <subfield code="a">BPMET</subfield>
    <subfield code="b">BPMET</subfield>
    <subfield code="d">2015-02-04</subfield>
    <subfield code="e">Compra</subfield>
    <subfield code="l">0</subfield>
    <subfield code="o">R036.1 G748d</subfield>
    <subfield code="p">BPMSU15041079</subfield>
    <subfield code="r">2015-02-04</subfield>
    <subfield code="t"> e. 3</subfield>
    <subfield code="w">2015-02-04</subfield>
    <subfield code="y">BK</subfield>
  </datafield>
  <datafield tag="956" ind1=" " ind2=" ">
    <subfield code="a">VMATEO</subfield>
    <subfield code="b">10</subfield>
    <subfield code="c">20151002</subfield>
    <subfield code="l">BPMSU</subfield>
    <subfield code="h">0069</subfield>
  </datafield>
  <datafield tag="999" ind1=" " ind2=" ">
    <subfield code="c">7344</subfield>
    <subfield code="d">7344</subfield>
  </datafield>
</record>
